00531nam a22001937a 450000500170000001000130001702000250003003500130005503700160006804000120008408200110009610000180010724500280012526000460015327000630019930000200026265000380028265000170032020170124110115.0 aB-226689 c00.00a9788184000009 aB-226689 bCen Lib/Ret aDPLbEN aNbKAP aKapur, Manju  aHome /cby Manju kapur  bRandom house publishers aNew Delhic2007 bNew Delhia301 World trade tower Barahkhmbha lane e110001 a339p.c22cm(Hb) aManners and customs in literature afamily life